[Event "XXXIII MIEDZYNARODOWE SZACHOWE MISTRZOSTWA MALOPOLSKI - Grupa A"]
[Site "Hotel Galaxy, ul. Gesia 22a, Krakow"]
[Date "1899-12-30"]
[Round "7.25"]
[White "Kusiak, Mateusz"]
[Black "Budzisz, Adrian"]
[Result "1-0"]
[WhiteTitle "I++"]
[BlackTitle "k"]
[WhiteElo "1943"]
[BlackElo "2049"]

1. e4 e6 2. d4 d5 3. Nc3 Bb4 4. Nge2 dxe4 5. a3 Be7 6. Nxe4 Nd7 7. g3 Ngf6 8. Bg2
Nxe4 9. Bxe4 c6 10. O-O h5 11. c4 h4 12. b4 e5 13. Bg2 Qc7 14. Re1 Nb6 15. c5
Nd5 16. dxe5 Bg4 17. Qd4 Be6 18. Bxd5 Bxd5 19. Nf4 hxg3 20. fxg3 O-O-O 21. Nxd5
Rxd5 22. Qg4+ Qd7 23. Qxd7+ Kxd7 24. Ra2 Ke6 25. Rf2 g5 26. Ref1 Rh7 27. Bb2 a5
28. Bc3 Rd3 29. Rf3 Rxf3 30. Rxf3 Kd5 31. Rd3+ Kc4 32. Rd7 f6 33. Kg2 axb4 34.
axb4 f5 35. Bd2 Rg7 36. e6 g4 37. Bf4 Kxb4 38. Bd6 Kc4 39. Rxb7 Bxd6 40. Rxg7
Bxc5 41. e7 Bxe7 42. Rxe7 Kd4 43. Kf2 1-0

[Event "XXXIII MIEDZYNARODOWE SZACHOWE MISTRZOSTWA MALOPOLSKI - Grupa A"]
[Site "Hotel Galaxy, ul. Gesia 22a, Krakow"]
[Date "1899-12-30"]
[Round "7.26"]
[White "Sliwicki, Damian"]
[Black "Kozlowski, Franciszek"]
[Result "1/2-1/2"]
[WhiteTitle "CM"]
[BlackTitle "I+"]
[WhiteElo "2158"]
[BlackElo "1900"]

1. d4 d5 2. Bf4 e6 3. e3 Bd6 4. Bg3 c6 5. Nf3 Qc7 6. c4 Nd7 7. Nc3 Ngf6 8. Rc1
O-O 9. Bd3 dxc4 10. Bxc4 e5 11. O-O a6 12. Bb3 exd4 13. Qxd4 Bxg3 14. hxg3 Qa5
15. e4 Ng4 16. Rfe1 Nge5 17. Nxe5 Qxe5 18. Qxe5 Nxe5 19. Red1 Be6 20. Bxe6 fxe6
21. Rd6 Rad8 22. Rdd1 b5 23. b3 c5 24. Ne2 c4 25. bxc4 bxc4 26. Nd4 Rd6 27. f4
Rfd8 28. fxe5 Rxd4 29. Re1 h5 1/2-1/2

[Event "XXXIII MIEDZYNARODOWE SZACHOWE MISTRZOSTWA MALOPOLSKI - Grupa A"]
[Site "Hotel Galaxy, ul. Gesia 22a, Krakow"]
[Date "1899-12-30"]
[Round "7.27"]
[White "Darowicki, Mariusz"]
[Black "Doraszelski, Alexander"]
[Result "1/2-1/2"]
[WhiteTitle "I++"]
[BlackTitle ""]
[WhiteElo "1970"]
[BlackElo "2132"]

1. Nf3 d5 2. g3 c5 3. Bg2 Nf6 4. O-O Nc6 5. d4 e6 6. c4 Be7 7. cxd5 exd5 8. dxc5
Bxc5 9. a3 O-O 10. b4 Be7 11. Bb2 Bg4 12. Nc3 a6 13. Nd4 Ne5 14. h3 Bh5 15. Nf5
Nc4 16. Bc1 Re8 17. g4 Bg6 18. Nxe7+ Qxe7 19. Bg5 Qe5 20. Bxf6 Qxf6 21. Nxd5 Qd6
22. Qd4 b5 23. e4 Rad8 24. Rfd1 h5 25. f4 hxg4 26. hxg4 f6 27. a4 Bf7 28. axb5
axb5 29. Bf1 Bxd5 30. Bxc4 bxc4 31. Qxd5+ Qxd5 32. exd5 Rb8 33. Ra4 Re4 34. d6
c3 35. d7 Rd8 36. Kf2 Rxf4+ 37. Kg3 Rc4 38. Ra7 c2 39. Rc1 Rxb4 40. Rxc2 Rd4 41.
Rc8 R4xd7 42. Rxd8+ Rxd8 43. Kf4 Rd4+ 44. Kg3 Kh7 45. Rb7 Kh6 46. Ra7 Rd3+ 47.
Kg2 g6 48. Ra5 Re3 49. Kf2 Re5 50. Ra3 Rb5 51. Kg3 Kg5 52. Rc3 Ra5 53. Rb3 f5
54. gxf5 gxf5 55. Kf3 Ra4 56. Kg3 Rg4+ 57. Kf3 Rh4 58. Rb8 Rh3+ 59. Kg2 Ra3 60.
Rb4 Re3 61. Kf2 Ra3 62. Rc4 Ra2+ 63. Kf3 Rh2 64. Kg3 Rh1 65. Kg2 Rh6 66. Kf3 Rg6
67. Rb4 Re6 68. Rb8 Ra6 69. Rg8+ Rg6 70. Rxg6+ 1/2-1/2

[Event "XXXIII MIEDZYNARODOWE SZACHOWE MISTRZOSTWA MALOPOLSKI - Grupa A"]
[Site "Hotel Galaxy, ul. Gesia 22a, Krakow"]
[Date "1899-12-30"]
[Round "7.28"]
[White "Cichon, Jakub"]
[Black "Sygulski, Piotr"]
[Result "0-1"]
[WhiteTitle "I+"]
[BlackTitle "I+"]
[WhiteElo "1937"]
[BlackElo "1981"]

1. d4 Nf6 2. Bf4 c6 3. Nc3 d5 4. Nf3 Bf5 5. e3 e6 6. Ne5 h6 7. g4 Bh7 8. h4 Nbd7
9. g5 Ne4 10. Nxe4 Bxe4 11. f3 Bf5 12. gxh6 Nxe5 13. dxe5 gxh6 14. Bd3 Bxd3 15.
Qxd3 Be7 16. O-O-O Qa5 17. Kb1 c5 18. e4 d4 19. h5 O-O-O 20. Rdg1 Rd7 21. Rg2
b5 22. Qd2 Qa4 23. Bxh6 c4 24. Bg5 c3 25. Qc1 Bxg5 26. Rxg5 a5 27. h6 Qb4 28.
h7 Rdd8 29. Rg7 Rdf8 30. Rhg1 Kb7 31. a3 Qc5 32. Qf4 Qc7 33. Rg8 d3 34. cxd3 Qd8
35. Kc2 Rxh7 36. R1g7 Rxg7 37. Rxg7 Qd7 38. bxc3 b4 39. axb4 axb4 40. cxb4 Qa4+
41. Kd2 Qxb4+ 42. Ke2 Qb2+ 43. Qd2 Qb6 44. Qa2 Rh8 45. Rg2 Ra8 46. Qd2 Ra1 47.
f4 Qb3 48. Ke3 Rb1 49. Qc2 Qb4 50. Kf3 Qe1 51. f5 Qf1+ 52. Ke3 exf5 53. exf5 Re1+
54. Re2 Qg1+ 55. Kd2 Rb1 56. e6 Qg5+ 57. Kc3 Rc1 58. e7 Qf6+ 59. Kd2 Qg5+ 60.
Kc3 Qf6+ 61. d4 Qc6+ 62. Kd3 Rxc2 63. Rxc2 Qf3+ 64. Kd2 Qf2+ 65. Kd1 Qg1+ 66.
Ke2 Qg4+ 67. Kf1 Qd1+ 68. Kg2 Qxc2+ 69. Kg3 Qd3+ 70. Kg4 Qe4+ 0-1

[Event "XXXIII MIEDZYNARODOWE SZACHOWE MISTRZOSTWA MALOPOLSKI - Grupa A"]
[Site "Hotel Galaxy, ul. Gesia 22a, Krakow"]
[Date "1899-12-30"]
[Round "7.29"]
[White "Solano, Juan Pablo"]
[Black "Rosol, Philip"]
[Result "1-0"]
[WhiteTitle ""]
[BlackTitle "II"]
[WhiteElo "1955"]
[BlackElo "2002"]

1. d4 Nf6 2. c4 c5 3. Nf3 cxd4 4. Nxd4 d6 5. g3 e5 6. Nc2 Nc6 7. Nc3 Be6 8. e4
Be7 9. b3 O-O 10. Bg2 Qd7 11. O-O h6 12. Bb2 a6 13. Ne3 Rfd8 14. Ncd5 Bxd5 15.
exd5 Na7 16. f4 Qc7 17. fxe5 dxe5 18. Nf5 b5 19. Qe2 Bf8 20. Nxh6+ gxh6 21. Rxf6
Bg7 22. Qg4 bxc4 23. bxc4 Rab8 24. Ba3 Qa5 25. Raf1 Rb7 26. Rxf7 Rxf7 27. Rxf7
Qb6+ 28. c5 Qb1+ 29. Bf1 Qh7 30. Rxa7 Kh8 31. Bd3 e4 32. Qxe4 Qg8 33. Rxg7 Qxg7
34. Bb2 1-0

[Event "XXXIII MIEDZYNARODOWE SZACHOWE MISTRZOSTWA MALOPOLSKI - Grupa A"]
[Site "Hotel Galaxy, ul. Gesia 22a, Krakow"]
[Date "1899-12-30"]
[Round "7.30"]
[White "Adamczyk, Zuzanna"]
[Black "Reichel, Lukasz"]
[Result "1/2-1/2"]
[WhiteTitle "WCM"]
[BlackTitle "I"]
[WhiteElo "1976"]
[BlackElo "1922"]

1. d4 c5 2. d5 e5 3. e4 d6 4. Bb5+ Nd7 5. a4 Ngf6 6. Nc3 Be7 7. Nf3 O-O 8. O-O
Ne8 9. Bd3 g6 10. g4 Ndf6 11. h3 Ng7 12. Ne1 h5 13. f3 Nh7 14. Ng2 Bg5 15. Bxg5
Qxg5 16. Qc1 hxg4 17. fxg4 Qxc1 18. Raxc1 Bd7 19. Ne3 Ng5 20. Kg2 f6 21. h4 Nh7
22. Rf2 Ne8 23. Bb5 Rd8 24. Rh1 Bc8 25. Bxe8 Rfxe8 26. Ne2 Re7 27. Ng3 Rg7 28.
Kf1 Rf8 29. Ke2 Rff7 30. Rhf1 Kf8 31. Kd3 Ke8 32. Nc4 Ke7 33. Ne3 Kf8 34. Rf3
Bd7 35. b3 Bc8 36. h5 gxh5 37. gxh5 Rg5 38. Ngf5 Bxf5 39. Nxf5 Rxh5 40. Nxd6 Rg7
41. Nf5 Rg2 42. Ne3 Rg7 43. a5 Ke8 44. Nf5 Rd7 45. Rg3 Ng5 46. Ne3 Rf7 47. Ng4
Ke7 48. Ne3 Rh3 49. Nf5+ Kd7 50. Rxh3 Nxh3 51. Ke3 1/2-1/2